[Event "11th HIT Open A"]
[Site "Nova Gorica SLO"]
[Date "2006.01.31"]
[Round "8"]
[White "Martinovic,Sa"]
[Black "Kokol,P"]
[Result "1-0"]
[WhiteElo "2260"]
[BlackElo "2153"]

1.d4 Nf6 2.Bg5 Ne4 3.Bf4 g5 4.Bc1 h6 5.f3 Nf6 6.e4 d6 7.c4 Nbd7 8.Nc3 e5
9.Nge2 exd4 10.Nxd4 Ne5 11.Be3 Bg7 12.Be2 Be6 13.Nxe6 fxe6 14.Qb3 b6 15.O-O-O Qe7
16.g3 Nfd7 17.f4 Nf7 18.Bf3 O-O 19.h4 gxf4 20.gxf4 Nfe5 21.Be2 Ng6 22.Rdf1 Nc5
23.Qc2 Qf6 24.Rhg1 Ne7 25.Rg3 Nc6 26.Rfg1 Rf7 27.Bh5 Re7 28.Rg6 Qxh4 29.Qg2 Nd3+
30.Kb1 Kh8 31.Rxg7 Qf6 32.Rg8+  1-0

[Event "ch-Serbia"]
[Site "Vrnjacka Banja SCG"]
[Date "2006.01.31"]
[Round "2"]
[White "Irizanin,R"]
[Black "Draskovic,D"]
[Result "1-0"]
[WhiteElo "2260"]
[BlackElo "2158"]

1.d4 Nf6 2.Bg5 Ne4 3.h4 Nxg5 4.hxg5 g6 5.e3 Bg7 6.c3 e5 7.Qg4 d6 8.Qg3 c5
9.d5 Qb6 10.b3 Bf5 11.Nd2 Qc7 12.e4 Bd7 13.Qe3 a5 14.a4 Na6 15.Ngf3 Qd8 16.Bb5 Nc7
17.Bxd7+ Qxd7 18.Nc4 Ra6 19.Nfd2 Qg4 20.g3 f6 21.gxf6 Bxf6 22.Qf3 Qxf3 23.Nxf3 O-O
24.Ke2 Be7 25.Na3 Rf7 26.Ne1 Ra8 27.Nd3 Rb8 28.Nc4 b6 29.f4 exf4 30.gxf4 Bf8
31.Kd2 Rb7 32.Kc2 Rb8 33.Rad1 Kg7 34.Rhe1 b5 35.axb5 Rxb5 36.Ra1 h5 37.Nxa5 Rb8
38.Nc6 Rb7 39.Nd8 Nb5 40.Nxb7 Rxb7 41.e5 Nc7 42.c4 Be7 43.Ra5 h4 44.exd6 Bxd6
45.Nxc5 Rb8 46.Ra7 Kh6 47.Nd7 Rc8 48.Ne5 Kh5 49.Kd3 Re8 50.c5 Bxe5 51.Rxe5+ Rxe5
52.fxe5 Nxd5 53.e6 h3 54.e7 Nf6 55.Ra8 g5 56.c6 Kh4 57.c7 h2 58.Rh8+  1-0

[Event "ch-Serbia"]
[Site "Vrnjacka Banja SCG"]
[Date "2006.02.03"]
[Round "7"]
[White "Maksimovic,B"]
[Black "Ristic,Neb2"]
[Result "1/2-1/2"]
[WhiteElo "2382"]
[BlackElo "2266"]

1.d4 Nf6 2.Bg5 Ne4 3.Bf4 c5 4.f3 Qa5+ 5.c3 Nf6 6.d5 Qb6 7.e4 Qxb2 8.Nd2 Qxc3
9.Bc7 b6 10.Ne2 Qa5 11.Be5 b5 12.a4 b4 13.Nb3  1/2-1/2

[Event "ch-CZE"]
[Site "Brno CZE"]
[Date "2006.02.09"]
[Round "3"]
[White "Laznicka,V"]
[Black "Konopka,M"]
[Result "1-0"]
[WhiteElo "2525"]
[BlackElo "2489"]

1.d4 Nf6 2.Bg5 Ne4 3.Bf4 c5 4.f3 Qa5+ 5.c3 Nf6 6.d5 Qb6 7.Bc1 e6 8.c4 exd5
9.cxd5 g6 10.e4 d6 11.Ne2 Bg7 12.Nec3 O-O 13.Be2 Nbd7 14.O-O Qc7 15.a4 b6
16.Na3 a6 17.Be3 Re8 18.Qd2 Rb8 19.Rab1 Ne5 20.h3 Nh5 21.f4 Nd7 22.Bxh5 gxh5
23.f5 Be5 24.Nc4 f6 25.Ne2 b5 26.axb5 axb5 27.Nxe5 Rxe5 28.Qc2 b4 29.Bf4 Re7
30.Nd4 Ba6 31.Rf3 b3 32.Qc3 Rxe4 33.Ne6 Qb7 34.Rg3+ Kh8 35.Bh6 h4 36.Bg7+ Kg8
37.Bxf6+  1-0

[Event "SFch-NED"]
[Site "Hilversum NED"]
[Date "2006.02.11"]
[Round "1.1"]
[White "Duijker,R"]
[Black "Visser,Y"]
[Result "0-1"]
[WhiteElo "2249"]
[BlackElo "2485"]

1.d4 Nf6 2.Bg5 Ne4 3.Bf4 d5 4.e3 c5 5.Bd3 cxd4 6.exd4 Nc6 7.Bxe4 dxe4 8.d5 e5
9.Be3 Ne7 10.Nc3 Nf5 11.Qd2 Bb4 12.Nge2 Nd6 13.a3 Ba5 14.O-O f5 15.Bc5 Nc4
16.Qc1 a6 17.b3 Nd6 18.Na4 O-O 19.c4 b5 20.Nb2 Rf6 21.a4 bxc4 22.Nxc4 Bc7
23.Nxe5 Bb7 24.Rd1 Rc8 25.Nc6 Qe8 26.Bd4 Rf7 27.Qc3 Bb8 28.Rac1 f4 29.g3 f3
30.Nf4 Rxf4 31.gxf4 Nf5 32.Be3 a5 33.Kh1 Nh4 34.Rg1 Ng2 35.Rxg2 fxg2+ 36.Kxg2 Bd6
37.Kh1 Ba6 38.Rg1 Rc7 39.Qd2 Qh5 40.Rg3 Be2 41.Ne5 Bxe5 42.d6 Bxd6 43.Qxd6 Rf7
44.Qd8+ Rf8 45.Qe7 Qf7 46.Qg5 Bf3+ 47.Kg1 Qd7 48.Bd4 Qxd4  0-1

[Event "US Amateur Team East"]
[Site "Parsippany USA"]
[Date "2006.02.18"]
[Round "1"]
[White "Battey,A"]
[Black "Bonin,J"]
[Result "1/2-1/2"]
[WhiteElo "2151"]
[BlackElo "2325"]

1.d4 Nf6 2.Bg5 Ne4 3.Bf4 c5 4.f3 Qa5+ 5.c3 Nf6 6.d5 e6 7.e4 d6 8.Bd2 exd5
9.c4 Qd8 10.cxd5 g6 11.Bc3 Bg7 12.Bd3 O-O 13.Ne2 Re8 14.Nd2 b6 15.O-O Ba6
16.Bxa6 Nxa6 17.a4 Nc7 18.Nc4 Rb8 19.b4 cxb4 20.Bxb4 Nfxd5 21.Bxd6 Bxa1 22.Qxa1 Rc8
23.Bg3 Nb5 24.Rd1 Qf6 25.Be5 Qc6 26.Rxd5 Qxc4 27.Bh8 Nc3 28.Qxc3 Qxc3 29.Bxc3 Red8
30.Nf4 Rxd5 31.Nxd5 Rc4 32.a5 bxa5 33.Bxa5 Rc5 34.Bb4 Rb5 35.Bc3 a5 36.Nf6+ Kg7
37.Kf2 a4 38.Nd5+ Kg8 39.Bb4 Rb8 40.Ke2 Ra8 41.Ba3 Rb8 42.Bb4  1/2-1/2

[Event "Bundesliga 2005-6"]
[Site "Solingen GER"]
[Date "2006.02.18"]
[Round "10"]
[White "Schneider,Il"]
[Black "Holzke,F"]
[Result "1-0"]
[WhiteElo "2392"]
[BlackElo "2479"]

1.d4 Nf6 2.Bg5 Ne4 3.Bf4 c5 4.f3 Qa5+ 5.c3 Nf6 6.Nd2 cxd4 7.Nb3 Qb6 8.Qxd4 Nc6
9.Qxb6 axb6 10.Nd4 e5 11.Nxc6 dxc6 12.Bxe5 Be6 13.Bd4 b5 14.a3 c5 15.Bxf6 gxf6
16.e4 b4 17.Bb5+ Bd7 18.Bxd7+ Kxd7 19.O-O-O+ Bd6 20.axb4 Ra1+ 21.Kc2 Rxd1
22.Kxd1 cxb4 23.Ne2 h5 24.cxb4 h4 25.Kc2 Rg8 26.g3 hxg3 27.hxg3 Bxg3 28.Rh7 Ke7
29.Rh5 Bf2 30.Rb5 b6 31.Nf4 Rg3 32.Rf5 Bd4 33.b3 Rg5 34.Kd3 Rxf5 35.exf5 Ba1
36.Nd5+ Kd6 37.Nxb6 Ke5 38.Kc4 Kxf5 39.Kd5 Kf4 40.Nd7 Kxf3 41.b5 Ke3 42.b6 Bd4
43.b7 Ba7 44.b4 f5 45.b5 f4 46.b6  1-0

[Event "TCh-BEL 2005-6"]
[Site "Belgium BEL"]
[Date "2006.02.19"]
[Round "9"]
[White "Sadkowsky,D"]
[Black "Lobzhanidze,D"]
[Result "1-0"]
[WhiteElo "2304"]
[BlackElo "2462"]

1.d4 Nf6 2.Bg5 Ne4 3.Bf4 d5 4.e3 c5 5.Bd3 Nc6 6.Bxe4 dxe4 7.d5 Nb4 8.Nc3 e6
9.d6 Nc6 10.Nge2 e5 11.Nb5 exf4 12.Nc7+ Kd7 13.Nxf4 Bxd6 14.Nxa8 Ke7 15.Qh5 g6
16.Qh6 Be6 17.O-O-O Qg8 18.Rxd6 Kxd6 19.Rd1+ Nd4 20.exd4 Qxa8 21.dxc5+ Kxc5
22.Nxe6+ fxe6 23.Qe3+ Kb5 24.a4+ Ka6 25.Qe2+ Kb6 26.Qb5+ Kc7 27.Qe5+  1-0

[Event "13th Open Metalis"]
[Site "Bizovac CRO"]
[Date "2006.02.25"]
[Round "6"]
[White "Cebalo,M"]
[Black "Janchev,P"]
[Result "1-0"]
[WhiteElo "2501"]
[BlackElo "2238"]

1.d4 Nf6 2.Bg5 Ne4 3.Bf4 d5 4.e3 c5 5.Bd3 Qb6 6.Bxe4 dxe4 7.Nc3 cxd4 8.exd4 Bf5
9.Nge2 e6 10.O-O Be7 11.Ng3 Bg6 12.Ngxe4 Nc6 13.d5 Rd8 14.d6 Bxe4 15.Nxe4 e5
16.Be3 Qb4 17.Qg4 Bf8 18.c3 Qxb2 19.Rfb1 h5 20.Qf5 Qe2 21.Rxb7 Qg4 22.Qxf7+  1-0

[Event "2nd Bundesliga Ost 2005-6"]
[Site "Austria AUT"]
[Date "2006.02.26"]
[Round "9"]
[White "Loeffler,S"]
[Black "Neumeier,K"]
[Result "1-0"]
[WhiteElo "2440"]
[BlackElo "2275"]

1.d4 Nf6 2.Bg5 Ne4 3.Bf4 c5 4.f3 Qa5+ 5.c3 Nf6 6.Nd2 cxd4 7.Nb3 Qd8 8.cxd4 d5
9.e3 e6 10.g4 Nc6 11.Bd3 Bb4+ 12.Kf2 O-O 13.Bg3 Re8 14.g5 Nh5 15.f4 g6 16.Nf3 Bf8
17.Rc1 Qb6 18.Qd2 Bd7 19.Nc5 Red8 20.Rc3 Rab8 21.Rhc1 Nxg3 22.hxg3 Be8 23.a3 a5
24.Nh2 h5 25.g4 h4 26.Nf3 h3 27.Rh1 Qa7 28.Rxh3 b6 29.Nb3 Rbc8 30.f5 exf5
31.gxf5 Bd7 32.Rc1 Bxf5 33.Bxf5 gxf5 34.Rch1 Bg7 35.Nc1 Ne7 36.Nd3 Ng6 37.Nh4 Qd7
38.Rf3 Nxh4 39.Rxh4 Qa4 40.Ne1 Rd6 41.Qd3 Qd7 42.Rxf5 Rc1 43.Rhf4 Rdc6 44.Rf3 Qc7
45.R5f4 Rg6 46.Qf5 Bf6 47.gxf6 Rxe1 48.Qxg6+ fxg6 49.f7+ Kf8 50.Rh4  1-0

[Event "2nd ch-SCG"]
[Site "Pancevo SCG"]
[Date "2006.03.02"]
[Round "4"]
[White "Lajthajm,B"]
[Black "Djukic,Ni"]
[Result "1-0"]
[WhiteElo "2464"]
[BlackElo "2523"]

1.d4 Nf6 2.Bg5 Ne4 3.Bf4 c5 4.f3 Nf6 5.dxc5 e5 6.Bxe5 Bxc5 7.Bd4 Qb6 8.Bxc5 Qxc5
9.Qd2 O-O 10.Nc3 d5 11.e3 Nc6 12.O-O-O Re8 13.Nge2 Rxe3 14.Nxd5 Nxd5 15.Qxd5 Qe7
16.Qd6 Qe8 17.Nc3 Bf5 18.Bb5 Rc8 19.Bxc6 Rxc6 20.Qd8 h6 21.a3 Kh7 22.Qxe8 Rxe8
23.Rhe1 Be6 24.Nb5 Rc5 25.Nd4 Bd7 26.Rxe8 Bxe8 27.g3 Rc7 28.Re1 Rc8 29.Re7 Rb8
30.Kd2 Kg6 31.c4 Kf6 32.Re2 a5 33.Kc3 Bd7 34.b4 axb4+ 35.axb4 Ra8 36.c5 Ra3+
37.Kc4 Bh3 38.Rd2 Bf1+ 39.Kd5 Ra8 40.Kd6 Rc8 41.Kd7 Ra8 42.Kc7 Ra4 43.Nc2 Ba6
44.Kb6 Ra2 45.b5 Rb2 46.Rd6+ Ke5 47.f4+ Kf5 48.Nd4+ Ke4 49.Ka5 Ra2+ 50.Kb4 Bxb5
51.Nxb5 Rxh2 52.Rd7 Kf3 53.Rxb7  1-0

[Event "FSGM March"]
[Site "Budapest HUN"]
[Date "2006.03.08"]
[Round "5"]
[White "Sendur,A"]
[Black "Ilincic,Z"]
[Result "0-1"]
[WhiteElo "2411"]
[BlackElo "2545"]

1.d4 Nf6 2.Bg5 Ne4 3.Bf4 c5 4.f3 Nf6 5.dxc5 b6 6.e4 Nc6 7.Bb5 Bb7 8.Nc3 bxc5
9.Nge2 a6 10.Ba4 d6 11.e5 dxe5 12.Qxd8+ Kxd8 13.O-O-O+ Kc7 14.Bxc6 Kxc6 15.Bxe5 e6
16.Na4 Nd5 17.Rd2 f6 18.Bg3 e5 19.Bf2 Nc7 20.Rhd1 Ne6 21.c3 a5 22.Ng3 g6
23.Kc2 f5 24.Re1 e4 25.fxe4 f4 26.Ne2 Kc7 27.Ng1 Bc6 28.b3 Ng5 29.Bxc5 Nxe4
30.Bd4 Nxd2 31.Bxh8 Nc4 32.Bd4 Na3+ 33.Kb2 Bxa4 34.Be5+ Kc6 35.bxa4 g5 36.Nf3 Ra7
37.Nxg5 Rb7+ 38.Kc1 Rb1+ 39.Kd2 Nc4+ 40.Ke2 Rxe1+ 41.Kxe1 Nxe5 42.Nxh7 Be7
43.g3 fxg3 44.hxg3 Kd5 45.Ke2 Ke4 46.c4 Kf5  0-1

[Event "ch-EST w"]
[Site "Tallinn EST"]
[Date "2006.03.08"]
[Round "6"]
[White "Gansvind,V"]
[Black "Tsiganova,M"]
[Result "1/2-1/2"]
[WhiteElo "2247"]
[BlackElo "2282"]

1.d4 Nf6 2.Bg5 Ne4 3.Bf4 c5 4.f3 Nf6 5.d5 Qb6 6.Bc1 e6 7.e4 exd5 8.exd5 d6
9.Ne2 Be7 10.Nec3 Nbd7 11.Nd2 O-O 12.Nc4 Qd8 13.Be2 a6 14.a4 b6 15.O-O Ne5
16.Ne3 Re8 17.f4 Ng6 18.Nc4 Bb7 19.g3 b5 20.axb5 axb5 21.Rxa8 Bxa8 22.Nxb5 Bxd5
23.Nc3 Ba8 24.Bf3 d5 25.f5 dxc4 26.fxg6 Qd4+ 27.Qxd4 cxd4 28.gxf7+ Kxf7 29.Bxa8 Rxa8
30.Ne4 Kg6 31.Nd2 c3 32.Nf3 Ng4 33.h3 cxb2 34.Bxb2 Ne3 35.Ne5+ Kh5 36.Rf3 Bc5
37.g4+ Kh4 38.Nd3 Ra2 39.Nxc5 Rxb2 40.Ne6 Nxc2 41.Nxg7 Ne1 42.Nf5+ Kg5 43.Rf2 Rb1
44.Kh2 d3 45.Kg3 Nc2 46.h4+ Kg6 47.Ne7+ Kg7 48.Rd2 Nb4 49.Nf5+ Kf6 50.Kf4 Re1
51.g5+ Kg6 52.Ng3 Rc1 53.h5+ Kf7 54.Ke3 Re1+ 55.Kd4 Rg1 56.Ne4 Rg4 57.Ke5 Rg1
58.Kd4  1/2-1/2

[Event "TCh-FIN 2005-6"]
[Site "Espoo FIN"]
[Date "2006.03.12"]
[Round "9"]
[White "Hintikka,E"]
[Black "Nieminen,K"]
[Result "0-1"]
[WhiteElo "2142"]
[BlackElo "2166"]

1.d4 Nf6 2.Bg5 Ne4 3.Bf4 c5 4.f3 Qa5+ 5.c3 Nf6 6.d5 Qb6 7.Bc1 e6 8.c4 exd5
9.cxd5 d6 10.Nc3 g6 11.e4 Bg7 12.Bc4 O-O 13.Nge2 Nbd7 14.Qb3 Qd8 15.O-O a6
16.a4 Ne5 17.Bg5 Bd7 18.f4 Nxc4 19.Qxc4 b5 20.axb5 axb5 21.Nxb5 Bxb5 22.Qxb5 Rb8
23.Qd3 Rxb2 24.Nc3 Qb8 25.Rae1 Ng4 26.Nd1 Bd4+ 27.Kh1 Nf2+ 28.Nxf2 Bxf2 29.Re2 Bd4
30.Rxb2 Qxb2 31.Be7 Ra8 32.Bxd6 Ra2 33.Qh3 f5 34.exf5 Ra1 35.Qf3 Qb1  0-1

[Event "Glitnir Blitz"]
[Site "Reykjavik ISL"]
[Date "2006.03.16"]
[Round "4.1"]
[White "Ivanisevic,I"]
[Black "Sutovsky,E"]
[Result "1/2-1/2"]
[WhiteElo "2588"]
[BlackElo "2624"]

1.d4 Nf6 2.Bg5 Ne4 3.Bf4 c5 4.f3 Qa5+ 5.c3 Nf6 6.d5 e6 7.e4 exd5 8.exd5 d6
9.Na3 Be7 10.Nc4 Qd8 11.a4 Nh5 12.Be3 O-O 13.Bd3 Bg5 14.Ne2 Bxe3 15.Nxe3 Re8
16.Qd2 Qg5 17.Kf2 Nd7 18.h4 Qh6 19.g4 Nf4 20.g5 Nxd3+ 21.Qxd3 Ne5 22.Qe4 Qg6
23.Nf4  1/2-1/2

[Event "SFch-NED"]
[Site "Hilversum NED"]
[Date "2006.03.18"]
[Round "2.1"]
[White "De Jong,JW"]
[Black "Solleveld,Maa"]
[Result "1/2-1/2"]
[WhiteElo "2334"]
[BlackElo "2463"]

1.d4 Nf6 2.Bg5 Ne4 3.Bf4 c5 4.f3 Qa5+ 5.c3 Nf6 6.Nd2 cxd4 7.Nb3 Qb6 8.Qxd4 Nc6
9.Qxb6 axb6 10.Nd4 Ra5 11.Nb3 Ra8 12.Nd4 Ra5 13.Nb3 Ra8  1/2-1/2

[Event "2nd Bundesliga West 2005-6"]
[Site "Austria AUT"]
[Date "2006.03.19"]
[Round "11"]
[White "Eybl,A"]
[Black "Fuchs,G"]
[Result "1/2-1/2"]
[WhiteElo "2260"]
[BlackElo "2242"]

1.d4 Nf6 2.Bg5 Ne4 3.Bf4 d5 4.f3 Nd6 5.Nc3 e6 6.e4 c6 7.e5 Nf5 8.Qd2 c5 9.dxc5 Bxc5
10.O-O-O Bd7 11.Bd3 Ne7 12.Nge2 Qb6 13.Kb1 a5 14.a4 Na6 15.Bb5 Bc6 16.Nd4  1/2-1/2

[Event "SFch-NED"]
[Site "Hilversum NED"]
[Date "2006.03.19"]
[Round "2.4"]
[White "De Jong,JW"]
[Black "Solleveld,Maa"]
[Result "1/2-1/2"]
[WhiteElo "2334"]
[BlackElo "2463"]

1.d4 Nf6 2.Bg5 Ne4 3.Bf4 c5 4.f3 Qa5+ 5.c3 Nf6 6.Nd2 cxd4 7.Nb3 Qb6 8.Qxd4 Nc6
9.Qxb6 axb6 10.Nd4 Ra5 11.Nb3 Ra8 12.Nd4 Ra5 13.b4 Nxd4 14.cxd4 Ra3 15.Rc1 Ra8
16.e4 e6 17.Bd2 Be7 18.a3 O-O 19.Rc3 d6 20.Bd3 Bd7 21.Ne2 Rfc8 22.Rxc8+ Bxc8
23.Bc1 d5 24.e5 Ne8 25.Bb2 Bd7 26.f4 Nc7 27.Nc3 f6 28.h4 Be8 29.h5 g6 30.hxg6 Bxg6
31.Ke2 Bxd3+ 32.Kxd3 f5 33.Ke3 Kg7 34.Kf3 Kg6 35.g4 fxg4+ 36.Kxg4 Rf8 37.Nd1 h5+
38.Rxh5 Rxf4+ 39.Kxf4 Kxh5 40.Kf3 Bg5 41.Nc3 b5 42.Ke2 Kg4 43.a4 bxa4 44.Nxa4 Be7
45.Bc3 Nb5 46.Kd3 Na3 47.Nb6 Bd8 48.Nc8 Nb5 49.Be1 Kf5 50.Bf2 Kf4 51.Be3+ Kf3
52.Bh6 Kg4 53.Bf8 b6 54.Be7 Bxe7 55.Nxe7 Nc7 56.Nc8 b5 57.Nb6 Kf4 58.Nd7 Na6
59.Kc3 Kf5  1/2-1/2

[Event "SFch-NED"]
[Site "Hilversum NED"]
[Date "2006.03.19"]
[Round "2.5"]
[White "De Jong,JW"]
[Black "Solleveld,Maa"]
[Result "1-0"]
[WhiteElo "2334"]
[BlackElo "2463"]

1.d4 Nf6 2.Bg5 Ne4 3.Bf4 c5 4.f3 Qa5+ 5.c3 Nf6 6.Nd2 cxd4 7.Nb3 Qb6 8.Qxd4 Nc6
9.Qxb6 axb6 10.Nd4 e5 11.Nxc6 exf4 12.Nd4 Nd5 13.Nh3 Bc5 14.e4 fxe3 15.Bc4 Nf6
16.Nf4 O-O 17.O-O-O d5 18.Nxd5 Nxd5 19.Bxd5 Rd8 20.Ne2 Kf8 21.Rhe1 b5 22.a3 Ra6
23.Be4 Re8 24.Nd4 Rh6 25.h3 Rh5 26.Kc2 f5 27.g4 Rxh3 28.gxf5 Rh2+ 29.Kc1 Bd6
30.Re2 Rxe2 31.Nxe2 Ke7 32.b4 Rf8 33.Rg1 Be5 34.f4 Bf6 35.Rg3 Kd6 36.Rxe3 Re8
37.Kd2 b6 38.Ng3 Bd7 39.Nh5 Rf8 40.Rg3 Rf7 41.Kd3 Be8 42.Nxf6 gxf6 43.Rg8 Re7
44.Rf8 Bf7 45.Rb8 Rd7 46.Ke3 Ra7 47.Rxb6+ Ke7 48.Rxb5 Rxa3 49.Kd4 h5 50.Ra5 Rb3
51.Ra7+ Ke8 52.Rxf7  1-0

[Event "Sozina Open"]
[Site "Bar SCG"]
[Date "2006.03.20"]
[Round "3"]
[White "Rusev,K"]
[Black "Vratonjic,S"]
[Result "1-0"]
[WhiteElo "2409"]
[BlackElo "2473"]

1.d4 Nf6 2.Bg5 Ne4 3.Bf4 d5 4.e3 c5 5.Bd3 e6 6.Bxe4 dxe4 7.Nc3 cxd4 8.Qxd4 Qxd4
9.exd4 Bb4 10.Ne2 Bd7 11.O-O-O f5 12.g4 O-O 13.gxf5 Bxc3 14.Nxc3 exf5 15.Rhg1 Rf7
16.h4 Be8 17.Kb1 Nd7 18.Nb5 Rf6 19.d5 Bh5 20.Rd2 Rg6 21.Rxg6 Bxg6 22.b3 Nf6
23.Kb2 a6 24.Nd6  1-0

[Event "Sozina Open"]
[Site "Bar SCG"]
[Date "2006.03.20"]
[Round "3"]
[White "Nikolov,M"]
[Black "Cela,S"]
[Result "1-0"]
[WhiteElo "2446"]
[BlackElo "2291"]

1.d4 Nf6 2.Bg5 Ne4 3.Bf4 c5 4.f3 Qa5+ 5.c3 Nf6 6.Nd2 cxd4 7.Nb3 Qb6 8.Qxd4 Nc6
9.Qxb6 axb6 10.Nd4 Nxd4 11.cxd4 Nd5 12.Bd2 e6 13.a3 Bb4 14.Rc1 Bxd2+ 15.Kxd2 d6
16.e4 Ne7 17.Rc3 Bd7 18.Rb3 O-O 19.Rxb6 Bc6 20.Bd3 f5 21.Ne2 fxe4 22.Bxe4 d5
23.Bd3 Nc8 24.Rb3 Nd6 25.Rc1 g6 26.Nc3 Ra5 27.Na2 Rf4 28.Ke3 Rh4 29.h3 e5
30.dxe5 d4+ 31.Kf2 Rxe5 32.Rb4 Re3 33.Bf1 Rf4 34.Rd1 Ne4+ 35.Kg1 Ng5 36.Rbxd4 Rexf3
37.Rd8+ Kg7 38.gxf3 Nxf3+ 39.Kf2 Ng5+ 40.Ke3 Rf3+ 41.Kd2 Ne4+ 42.Kc1 Ba4  1-0

[Event "Sozina Open"]
[Site "Bar SCG"]
[Date "2006.03.22"]
[Round "5"]
[White "Bogosavljevic,B"]
[Black "Pavlovic,Milo2"]
[Result "1/2-1/2"]
[WhiteElo "2321"]
[BlackElo "2426"]

1.d4 Nf6 2.Bg5 Ne4 3.Bf4 d5 4.Nd2 Bf5 5.f3 Nxd2 6.Qxd2 e6 7.g4 Bg6 8.h4 h5
9.g5 c5 10.e3 Nc6 11.c3 Bd6 12.Ne2 O-O 13.Kf2 cxd4 14.cxd4 Bb4 15.Qd1 Qb6
16.Nc1 Rac8 17.a3 Be7 18.b4 a5 19.b5 Nb8 20.Bd3 Bxd3 21.Qxd3 g6 22.Ne2 a4
23.Rhc1 Nd7 24.Rab1 Bd6 25.Qd1 Rxc1 26.Qxc1 Ra8 27.Qc3 Bxf4 28.Nxf4 Qd6 29.Qb4 Qxb4
30.Rxb4 Nb6 31.Nd3 Nc4 32.Nc5 Nxa3 33.b6  1/2-1/2

[Event "Sozina Open"]
[Site "Bar SCG"]
[Date "2006.03.22"]
[Round "5"]
[White "Milovic,J"]
[Black "Minic,M"]
[Result "1-0"]
[WhiteElo "2269"]
[BlackElo "2165"]

1.d4 Nf6 2.Bg5 Ne4 3.h4 c5 4.dxc5 Qa5+ 5.Nd2 Nc6 6.c3 Nxg5 7.Nb3 Qc7 8.hxg5 g6
9.e3 Bg7 10.Bc4 a5 11.a4 b6 12.cxb6 Qxb6 13.Nf3 Rb8 14.Rh4 Ba6 15.Bxa6 Qxb3
16.Qxb3 Rxb3 17.O-O-O Rb6 18.Bb5 h5 19.gxh6 Rxh6 20.Rxh6 Bxh6 21.Bxc6 Rxc6
22.Rd5 Ra6 23.Ne5 e6 24.Rb5 Bg5 25.Rb7 Rd6 26.Nc4 Ra6 27.f4 Bd8 28.Kc2 f6
29.Kd3 d5 30.Nd2 Rb6 31.Rxb6 Bxb6 32.b4 Kd7 33.Nb3 axb4 34.cxb4 e5 35.fxe5 fxe5
36.e4 Kd6 37.a5 Bf2 38.b5 Bg1 39.b6 Kc6 40.Nd2 Bc5 41.Nf3 Kd6 42.g4 Bf2 43.Ng5 Bd4
44.exd5 Kxd5 45.Ne4 Kc6 46.Kc4 Be3 47.Nc3 Bf2 48.Nd5 g5 49.Nb4+ Kd6 50.Kb5 e4
51.a6  1-0

[Event "Sozina Open"]
[Site "Bar SCG"]
[Date "2006.03.22"]
[Round "5"]
[White "Mehmeti,D"]
[Black "Vratonjic,S"]
[Result "1/2-1/2"]
[WhiteElo "2378"]
[BlackElo "2473"]

1.d4 Nf6 2.Bg5 Ne4 3.Bf4 d5 4.e3 c5 5.Bd3 cxd4 6.Bxe4 dxe4 7.Qxd4 Qxd4 8.exd4 Nc6
9.Ne2 Bg4 10.c3 O-O-O 11.Nd2 Bxe2 12.Kxe2 f5 13.f3 g5 14.Be5 exf3+ 15.Nxf3 Rg8
16.h3 g4 17.hxg4 fxg4 18.Ne1 Nxe5 19.dxe5 Rg5 20.Nd3 h5 21.Rh4 Bg7 22.Rah1 Rh8
23.Kd2 Bxe5 24.Nxe5 Rxe5 25.Rxg4 Rd8+ 26.Rd4 Rg8 27.Rh2 Reg5 28.Kc1 Re5 29.Rd2 Rg4
30.Rh3 Reg5 31.Re3 Rxg2 32.Rxg2 Rxg2 33.Rxe7 h4 34.Rh7 Rg4 35.Kc2 a5 36.Kb3 a4+
37.Ka3 b6 38.b4 axb3 39.axb3 Kb8  1/2-1/2

[Event "Torre ENTEL PCS"]
[Site "Santiago CHI"]
[Date "2006.03.22"]
[Round "1"]
[White "Rojas,L"]
[Black "Flores Rios,M"]
[Result "0-1"]
[WhiteElo "2423"]
[BlackElo "2332"]

1.d4 Nf6 2.Bg5 Ne4 3.Bf4 c5 4.d5 Qb6 5.Nc3 Qxb2 6.Nxe4 Qb4+ 7.c3 Qxe4 8.e3 e6
9.dxe6 Qxe6 10.Nf3 Be7 11.Bd3 Nc6 12.h4 d5 13.Rb1 h6 14.Qe2 Bf6 15.c4 Bc3+
16.Kf1 d4 17.Rh3 dxe3 18.Bxe3 Nd4 19.Nxd4 cxd4 20.Rg3 O-O 21.Qc2 Qf6 22.Bg5 hxg5
23.hxg5 Qe5 24.Bh7+ Kh8 25.Kg1 g6 26.Bxg6 fxg6 27.Qxg6 Qg7 28.Qh5+ Qh7 29.Qd1 Qg6
30.Rb5 Bf5 31.Rxb7 Rab8 32.Qf3 Rxb7 33.Qxb7 d3 34.Qb3 Bg7  0-1

[Event "ch-ARG s/f"]
[Site "Buenos Aires ARG"]
[Date "2006.03.26"]
[Round "7"]
[White "Menon,D"]
[Black "Garcia,Rai"]
[Result "1/2-1/2"]
[WhiteElo "2167"]
[BlackElo "2351"]

1.d4 Nf6 2.Bg5 Ne4 3.Bf4 c5 4.f3 Qa5+ 5.c3 Nf6 6.Nd2 cxd4 7.Nb3 Qd8 8.cxd4 d5
9.e3 e6 10.Bd3 Nc6 11.Rc1 Bb4+ 12.Kf2 Nh5 13.Bg3 Nxg3 14.hxg3 Bd7 15.Nc5 Bxc5
16.Rxc5 Rc8 17.f4 Nb4 18.Rxc8 Qxc8 19.Bb1 Qc7 20.Nf3 Bb5 21.Ne5 Nc6 22.Qc2 Qa5
23.Nxc6 Bxc6 24.g4 f6 25.Kg3 g6 26.Qc3 Qxc3 27.Bxg6+ Kf8 28.bxc3 Kg7 29.Bd3 h6
30.g5 f5 31.Rxh6 Rxh6 32.gxh6+ Kxh6 33.Kh4 Kg7 34.g4 fxg4 35.Kxg4 Kf6 36.f5 exf5+
37.Bxf5 b6 38.Kf4 Bb5 39.a3 Bc4 40.e4 dxe4 41.Kxe4 Ba2 42.Bc8 Bc4 43.d5 Ba2
44.Kd4 Bb3 45.c4 Ke7 46.c5 bxc5+ 47.Kxc5 Ba4 48.Ba6 Bd7 49.Bb5 Bg4 50.Bc6 Kd8
51.Bb7 Kc7 52.Ba6 Bf3 53.a4 Be4 54.a5 Bf3 55.Bb5 Be4 56.Bc6 Bd3 57.d6+ Kd8
58.Bf3 Kd7 59.Bg4+ Kd8 60.Kc6 Be4+ 61.Kb5 Bd3+ 62.Kc5 Bf1 63.Bf3 Kd7 64.Bc6+ Kd8
65.Bb5 Bg2  1/2-1/2

[Event "ch-ARG s/f"]
[Site "Buenos Aires ARG"]
[Date "2006.03.26"]
[Round "7"]
[White "Liascovich,L"]
[Black "Malbran,G"]
[Result "0-1"]
[WhiteElo "2432"]
[BlackElo "2306"]

1.d4 Nf6 2.Bg5 Ne4 3.Bf4 c5 4.f3 Qa5+ 5.c3 Nf6 6.Nd2 cxd4 7.Nb3 Qb6 8.Qxd4 Nc6
9.Qxb6 axb6 10.Be3 b5 11.Nd4 Nxd4 12.Bxd4 d5 13.e4 dxe4 14.Bxb5+ Bd7 15.Bxd7+ Nxd7
16.fxe4 e5 17.Be3 Bc5 18.Bxc5 Nxc5 19.Nf3 f6 20.Nd2 Nd3+ 21.Ke2 Nf4+ 22.Kf3 O-O-O
23.Nb3 Rd3+ 24.Kf2 Rhd8 25.g3 Nh3+ 26.Kg2 Ng5 27.Rhe1 h5 28.h4 Nf7 29.Re2 Nh6
30.Nc5 R3d6 31.a4 Ng4 32.a5 Rd2 33.Re1 R2d6 34.b4 Rc6 35.Ra1 Kb8 36.Raa2 Ka7
37.Ra1 Rcd6 38.a6 b6 39.Nb7 Rd2 40.Nxd8 Rxe2+ 41.Kf1 Rd2 42.Nc6+ Ka8 43.Ke1 Rg2
44.Ra4 Rxg3 45.Kd2 Rg2+ 46.Kd3 Nf2+ 47.Ke3 Nd1+ 48.Kf3 Rf2+ 49.Kg3 Nxc3 50.Ra1 Nxe4+
51.Kh3 g5 52.hxg5 fxg5 53.Nxe5 g4+ 54.Nxg4 hxg4+ 55.Kxg4 Rb2 56.Kf4 Rxb4
57.Ke5 Ka7  0-1

[Event "22nd Spring Festival Open"]
[Site "Budapest HUN"]
[Date "2006.03.28"]
[Round "6"]
[White "Kahn,E"]
[Black "Leviczki,T"]
[Result "1/2-1/2"]
[WhiteElo "2312"]
[BlackElo "2311"]

1.d4 Nf6 2.Bg5 Ne4 3.Bf4 c5 4.d5 d6 5.f3 Nf6 6.e4 g6 7.Qd2 Qb6 8.c4 Bg7 9.Nc3 Nbd7
10.Nge2 a6 11.Nc1 Ne5 12.Be2 O-O 13.O-O e6 14.Bxe5 dxe5 15.Nd3 Qc7 16.Qe3 b6
17.a3 Bd7 18.Bd1 exd5 19.Nxd5  1/2-1/2

[Event "Torre ENTEL PCS"]
[Site "Santiago CHI"]
[Date "2006.03.28"]
[Round "10"]
[White "Cordova,Em"]
[Black "Flores Rios,M"]
[Result "1-0"]
[WhiteElo "2440"]
[BlackElo "2332"]

1.d4 Nf6 2.Bg5 Ne4 3.Bf4 c5 4.f3 Qa5+ 5.c3 Nf6 6.Nd2 cxd4 7.Nb3 Qb6 8.Qxd4 Nc6
9.Qxb6 axb6 10.Nd4 e5 11.Nxc6 exf4 12.Nd4 Bc5 13.g3 Nd5 14.a3 Ne3 15.Rc1 Ra4
16.Nh3 fxg3 17.hxg3 O-O 18.Nf4 d6 19.Nc2 Nf5 20.Rh3 Ne3 21.Rh2 g5 22.Ng2 Nxf1
23.Kxf1 d5 24.Rd1 Be6 25.e3 Kg7 26.Kf2 Rh8 27.Rh5 f6 28.Nd4 Bxd4 29.exd4 Bf7
30.Rhh1 Raa8 31.Ne3 h5 32.Nf5+ Kg6 33.Ne7+ Kg7 34.Rde1 Rae8 35.Re3 Kf8 36.Rhe1 Rd8
37.Nf5 Bg6 38.Re6 Kf7 39.Nd6+ Kg7 40.Re7+ Kh6 41.R1e6 Rdf8 42.Rxb7  1-0

[Event "22nd Spring Festival Open"]
[Site "Budapest HUN"]
[Date "2006.03.29"]
[Round "7"]
[White "Galyas,M"]
[Black "Leviczki,T"]
[Result "1/2-1/2"]
[WhiteElo "2374"]
[BlackElo "2311"]

1.d4 Nf6 2.Bg5 Ne4 3.Bf4 c5 4.f3 Qa5+ 5.c3 Nf6 6.Nd2 cxd4 7.Nb3 Qd8 8.cxd4 d5
9.e3 e6 10.g4 Nc6 11.Rc1 a6 12.Bd3 Nd7 13.Ne2 Be7 14.O-O h5 15.gxh5 Rxh5
16.Bg3 Rh8 17.e4 Nf6 18.e5 Nh5 19.f4 g6 20.a3 Qb6 21.Bf2 Bd7 22.Qc2 Na7 23.Nc5 Bb5
24.Qb3 Bd8 25.Bxb5+ axb5 26.a4 b4 27.Qd3 Rb8 28.Be3 Ng7 29.Ng3 Nc6 30.Rc2 Be7
31.Nb3 Kd7 32.Rfc1 Rbc8 33.Bf2 Qa6 34.Qd1  1/2-1/2

[Event "TCh-FRA Top 16 Gp A"]
[Site "Montpellier FRA"]
[Date "2006.03.31"]
[Round "5"]
[White "Georgiev,Ki"]
[Black "Relange,E"]
[Result "1/2-1/2"]
[WhiteElo "2645"]
[BlackElo "2490"]

1.d4 Nf6 2.Bg5 Ne4 3.Bf4 c5 4.f3 Nf6 5.dxc5 Na6 6.e4 Nxc5 7.Nc3 d6 8.e5 Ne6
9.exf6 Nxf4 10.Qd2 Ne6 11.Bb5+ Bd7 12.Bxd7+ Qxd7 13.fxe7 Bxe7 14.Nge2 O-O
15.Nd5 Nc7 16.Nxe7+ Qxe7 17.O-O-O d5 18.Rde1 Rad8 19.Nd4 Qf6 20.Re3 Rfe8
21.Rhe1 Rxe3 22.Qxe3 h5 23.Qe5 Qxe5 24.Rxe5 g6 25.Re7 Rc8 26.Kd2 Kf8 27.Re3 Ne8
28.b3 Rd8 29.h4 Nc7 30.g4 hxg4 31.fxg4 Rd7 32.a4 Ne8 33.Re5 Nf6 34.g5 Ng4
35.Re2 a6 36.Rg2 Ne5 37.Rf2 Re7 38.a5 Ke8 39.c3 Nd7 40.Re2 Nc5 41.Rxe7+ Kxe7
42.Ke3 Kd6 43.b4 Ne6 44.Nf3 Nc7 45.Kd4 Ne6+ 46.Ke3 Nc7 47.Nd4 Ne6  1/2-1/2